00860nam a22002297a 4500999001900000010001500019020003100034035001400065037001300079082001100092100002200103245006500125260004000190270012800230300002200358490001600380500002200396700004100418760000600459942002500465952014000490 c166969d166969 aENG-126193 a978-93-8676-155-2c1995.00 aEN-109725 bDBAD/PUB a541.38 aSharon, Maheshwar aNuclear Chemistry/cby Maheshwar Sharon [and] Madhuri Sharon aNew DelhibAne Books Pvt.Ltd.c2017 a4821,Parwana Bhawan 1st Floor 24 Ansari Road, Darya GanjbNew Delhi e110002k+91(011)23276843,2814209manebookschennai.com axi278p.b24cm(hb) a2nd Edition aits include index aMaheshwar Sharon[and] Madhuri Sharon b2 2ddccENh541.38mSHA 001040708NFICaZLSbZLSd2019-08-19eDBAD/PUBg1995.00l1m2o541.38 SHApEN-109725r2023-03-28 00:00:00s2023-02-28t1v1995.00yEN